000 00664nam a2200253Ia 4500
003 OSt
005 20221005041010.0
006 a|||||r|||| 00| 0
007 ta
008 221004b |||||||| |||| 00| 0 eng d
020 _a19 561407 0
024 _a49608
037 _cTextual
040 _aCRL
_cCRL
_beng
041 _2eng
_aeng
082 _aO111,3M19,B, M1
100 _aMelville Herman
245 0 _aBilly Budd, Sailor
260 _aDelhi
_bOxford University Press India
_c1981
300 _a100p.
_ccm.
650 _aAMERICAN LITERATURE
942 _hO111,3M19,B, M1
_cTEXL
_2cc
999 _c947781
_d947781